| 000 | 00502nam a2200145Ia 4500 | ||
|---|---|---|---|
| 008 | 210719s2007 xx 000 0 und d | ||
| 041 | _aeng | ||
| 082 | _a658.060 AIBM | ||
| 100 | _aALOYSIUS INSTITUTE of business administration | ||
| 245 |
_aManasa manthana 2007 _bBusiness in digital era: Seminar proceedings |
||
| 260 |
_aMangalore _bSt Aloysisus College _c2007 |
||
| 300 | _bPB | ||
| 650 | _aManagement | ||
| 906 | _a2007 ; Business ; digital ; era: ; in ; Manasa ; manthana ; proceedings ; Seminar | ||
| 999 |
_c214643 _d214643 |
||